Welcome to CU Library Online Public Access Catalogue (OPAC)

APPLICATION.COMMUNICATION (Record no. 1899)

MARC details
000 -LEADER
fixed length control field 00435nam a22001577a 4500
005 - DATE AND TIME OF LATEST TRANSACTION
control field 20241202142444.0
008 - FIXED-LENGTH DATA ELEMENTS--GENERAL INFORMATION
fixed length control field 241202b |||||||| |||| 00| 0 eng d
020 ## - INTERNATIONAL STANDARD BOOK NUMBER
International Standard Book Number 0931054753
050 ## - LIBRARY OF CONGRESS CALL NUMBER
Classification number P 90 PAY
100 ## - MAIN ENTRY--PERSONAL NAME
Personal name PAYNE, JAMES
245 ## - TITLE STATEMENT
Title APPLICATION.COMMUNICATION
Remainder of title FOR PESONAL AND PROFESSIONAL CONTEXTS
260 ## - PUBLICATION, DISTRIBUTION, ETC.
Place of publication, distribution, etc. LLLIONS
Name of publisher, distributor, etc. CLARK PUB., INC.
Date of publication, distribution, etc. c1999
500 ## - GENERAL NOTE
General note XVII,526p.ILLUS.
700 ## - ADDED ENTRY--PERSONAL NAME
Personal name CARLIN,DIANA
942 ## - ADDED ENTRY ELEMENTS (KOHA)
Source of classification or shelving scheme Library of Congress Classification
Koha item type Books
Suppress in OPAC No
999 ## -
-- 1899
-- 1899
Holdings
Withdrawn status Lost status Source of classification or shelving scheme Damaged status Not for loan Home library Current library Shelving location Date acquired Total checkouts Full call number Barcode Date last seen Copy number Price effective from Koha item type Collection
    Library of Congress Classification     Business Library (Miotso) Business Library (Miotso) General stacks 03/27/2026   P90 PAY BSSM00003065 03/27/2026 3 03/27/2026 Books Non-fiction
    Library of Congress Classification     Business Library (Miotso) Business Library (Miotso) General stacks 03/27/2026   P90 PAY BSSM00003066 03/27/2026 4 03/27/2026 Books Non-fiction
    Library of Congress Classification     Graduate Library (Christ Temple) Graduate Library (Christ Temple) General stacks 12/02/2024   P 90 PAY gsct00000214 12/02/2024 P 90 PAY 12/02/2024 Books  
    Library of Congress Classification     Graduate Library (Christ Temple) Graduate Library (Christ Temple) General stacks 12/02/2024   P 90 PAY gsct00000215 12/02/2024 P 90 PAY 12/02/2024 Books  
© 2023-2024 Copyright: Central University Libraries. All Rights Reserved | Created by: Mahone Tech Office